000 00721nam a22001937a 4500
005 20251108165508.0
008 250721s1995 xx 000 0 ara d
082 1 4 _aم/218.51/هبه
100 1 _aإبن هبة الله، شرف الدين عبد المؤمن
245 1 0 _aأطباق الذهب في المواعظ البليغة للأصفهاني /
264 1 _aالقاهره :
_bدار الفضيلة للنشر و التوزيع،
_c1995.
300 _a271ص
650 1 7 _aالوعظ و الإرشاد
650 1 7 _aالإسلام
700 1 _aالنبهاني، يوسف بن إسماعيل
_eشرح
700 1 _aعوض، أحمد عبد التواب
_eتحقيق
942 _2ddc
_cREF
999 _c29264
_d29264